Statistics for Largest cities starting with T in each country

Click here to take the quiz!

General Stats

  • This quiz has been taken 15 times
  • The average score is 21 of 183

Answers on the Map

Answers color-coded by a green-red scale on the quiz's map according to % correct below.
 

Answer Stats

CountryPopulationAnswer% Correct
Canada2,794,400Toronto
100%
Mexico1,922,500Tijuana
87%
Libya1,183,100Tripoli
87%
Lebanon243,800Tripoli
87%
Italy843,500Turin
87%
Georgia1,241,700T'bilisi
80%
Iran9,400,000Tehran
80%
Japan14,094,000Tokyo
80%
Tunisia599,400Tunis
80%
Taiwan2,494,800Taipei City
73%
Estonia453,900Tallinn
73%
China13,866,000Tianjin
73%
France504,100Toulouse
73%
Uzbekistan3,000,000Tashkent
67%
Greece319,000Thessaloniki
67%
(The) United States of America542,600Tucson
67%
Honduras110,300Tela
60%
Albania557,400Tirana
60%
Israel474,500Tel Aviv-Yafo
53%
Bhutan114,600Thimphu
53%
Norway212,700Trondheim
47%
Morocco948,000Tangier
40%
Mali30,000Timbuktu
33%
Moldova133,800Tiraspol
33%
Finland255,100Tampere
27%
Brazil871,100Teresina
27%
Romania250,800Timisoara
27%
Peru935,100Trujillo
27%
(The) United Kingdom18,800Truro
27%
(The) Netherlands233,300Tilburg
20%
Russia707,400Tolyatti
20%
Australia179,000Townsville
20%
Germany110,600Trier
20%
Cuba76,500Trinidad
20%
Bosnia & Herzegovina111,000Tuzla
20%
Yemen940,600Ta'izz
13%
New Zealand161,800Tauranga
13%
Spain210,900Terrassa
13%
Guyana8,300Tuschen
13%
Iraq215,000Tal Afar
7%
Rwanda3,400Tare
7%
Papua New Guinea15,400Tari
7%
Turkey350,700Tarsus
7%
Syria458,300Tartus
7%
Hungary64,300Tatabanya
7%
Lithuania21,300Telsiai
7%
Ethiopia19,200Tepi
7%
Czechia50,800Teplice
7%
Ukraine225,000Ternopil
7%
Mozambique305,700Tete
7%
India2,537,000Thane
7%
Denmark13,500Thisted
7%
Switzerland43,700Thun
7%
Montenegro9,400Tivat
7%
Grenada700Tivoli
7%
Madagascar325,900Toamasina
7%
Portugal83,100Torres Vedras
7%
Poland196,900Torun
7%
Senegal529,200Touba
7%
Belgium69,600Tournai
7%
Ireland26,100Tralee
7%
Thailand59,600Trang
7%
Austria24,500Traun
7%
Slovakia62,800Trnava
7%
Croatia12,400Trogir
7%
Sweden59,200Trollhattan
7%
Turkmenistan253,000Turkmenabat
7%
Eswatini2,800Tabankulu
0%
Haiti130,300Tabarre
0%
Saudi Arabia594,400Tabuk
0%
Uruguay54,800Tacuarembo
0%
El Salvador31,200Tacuba
0%
Djibouti14,800Tadjoura
0%
Jordan27,600Tafilah
0%
(The) Federated States of Micronesia2,500Tafunsak
0%
(The) Philippines1,223,600Taguig
0%
Niger117,800Tahoua
0%
Kuwait52,700Taima
0%
(The) Seychelles2,900Takamaka
0%
Cambodia75,600Ta Khmau
0%
Belarus9,700Talachyn
0%
Somalia4,400Taleex
0%
(The) Central African Republic6,900Taley
0%
Iceland300Talknafjorour
0%
Afghanistan196,400Taloqan
0%
Ghana562,900Tamale
0%
(The) Dominican Republic102,900Tamboril
0%
Nigeria224,900Tambuwal
0%
North Korea345,900Tanchon
0%
Luxembourg2,200Tandel
0%
Tanzania393,400Tanga
0%
Bangladesh392,300Tangail
0%
Indonesia1,912,700Tangerang
0%
(The) Gambia14,500Tanji
0%
Malaysia200Tanjung Rambutan
0%
Egypt576,600Tanta
0%
Vietnam466,100Tan Uyen
0%
Oman18,200Taqah
0%
Kazakhstan428,000Taraz
0%
Bulgaria34,800Targovishte
0%
Bolivia330,000Tarija
0%
Cape Verde6,700Tarrafal
0%
Azerbaijan19,400Tartar
0%
Malta8,600Tarxien
0%
Armenia7,300Tashir
0%
Myanmar381,600Taunggyi
0%
Fiji1,400Tavua
0%
Benin221,100Tchaourou
0%
(The) Republic of the Congo6,000Tchiaba-Nzassi
0%
Gabon24,000Tchibanga
0%
Kiribati6,100Teaoraereke
0%
Algeria196,500Tebessa
0%
Guinea16,000Telimele
0%
Serbia19,700Temerin
0%
Argentina111,200Temperley
0%
Chile262,500Temuco
0%
Zimbabwe500Tengenenge
0%
Côte d'Ivoire92,500Tengrela
0%
Burkina Faso61,900Tenkodogo
0%
Eritrea4,800Teseney
0%
North Macedonia63,200Tetovo
0%
Lesotho75,100Teyateyeneng
0%
Sudan7,000Thabit
0%
Laos90,800Thakhek
0%
South Africa511,700Thembisa
0%
Qatar27,000The Pearl Island
0%
Dominica500Thibaud
0%
Kenya279,400Thika
0%
(The) Maldives5,200Thinadhoo
0%
Malawi7,800Thyolo
0%
Nicaragua18,100Ticuantepe
0%
Cameroon78,900Tiko
0%
East Timor7,900Tilomar Administrative Post
0%
Mauritania17,800Timbedra
0%
St. Lucia1,000Ti Rocher
0%
Burundi200Titi
0%
Botswana36,000Tlokweng
0%
Singapore28,900Toa Payoh Central
0%
Panama75,000Tocumen
0%
Kyrgyzstan71,400Tokmok
0%
Jamaica2,800Toll Gate
0%
Angola55,500Tombua
0%
Antigua & Barbuda800Tomlinson
0%
Sierra Leone44,400Tongo
0%
South Korea123,000Tongyeong
0%
South Sudan33,700Torit
0%
Uganda41,900Tororo
0%
Suriname2,200Totness
0%
Guatemala104,000Totonicapan
0%
Slovenia13,800Trbovlje
0%
(The) Bahamas1,200Treasure Cay
0%
Paraguay17,900Tres de Mayo
0%
Belize4,300Trial Farm
0%
Liechtenstein5,300Triesen
0%
Sri Lanka99,100Trincomalee
0%
São Tomé and Príncipe16,100Trinidade
0%
St. Kitts & Nevis1,700Trinity
0%
Mauritius24,100Triolet
0%
St. Vincent and the Grenadines6,700Troumaka
0%
Cyprus8,300Tseri
0%
Mongolia21,600Tsetserleg
0%
Togo55,800Tsevie
0%
(The) Democratic Republic of the Congo732,000Tshikapa
0%
(The) Comoros12,500Tsimbeo
0%
Namibia35,000Tsumeb
0%
Samoa1,400Tuana'i
0%
Bahrain3,000Tubli
0%
Liberia13,100Tubmanburg
0%
Latvia16,600Tukums
0%
(The) Solomon Islands1,300Tulagi
0%
Ecuador56,700Tulcan
0%
Palestine64,500Tulkarm
0%
Nepal180,700Tulsipur
0%
Colombia218,800Tulua
0%
Tuvalu200Tumaseu
0%
Trinidad & Tobago26,800Tunapuna
0%
Tonga200Tungua
0%
Pakistan213,600Turbat
0%
Venezuela344,700Turmero
0%
Costa Rica26,700Turrialba
0%
Tajikistan298,800Tursunzoda
0%
Brunei19,200Tutong
0%
Barbados~100Two Mile Hill
0%

Score Distribution

Percentile by Number Answered

Percent of People with Each Score

Your Score History

You have not taken this quiz